00649nam a2200109Ia 4500008004100000245006300041300027100104650001600375856005700391999001900448952007200467170517s9999 xx 000 0 und d aBig Bucks, Big Pharma: Marketing Disease and Pushing Drugs aBig Bucks, Big Pharma pulls back the curtain on the multi-billion dollar pharmaceutical industry to expose the insidious ways that illness is used, manipulated, and in some instances created, for capital gain. Focusing on the industry's marketing practices, media... xTechnology. uhttp://topdocumentaryfilms.com/big-bucks-big-pharma/ c335014d335014 001040aCLbCLd2017-05-17l0r2017-05-17 00:00:00w2017-05-17yDF